Ciencias naturales : tercer grado

Gespeichert in:
Bibliographische Detailangaben
Körperschaft: México. Comisión Nacional de los Libros de Texto Gratuitos.
Weitere Verfasser: Gutiérrez Vázquez, Juan Manuel. candela a (Projektleitung)
Format: Buch
Sprache:Spanisch
Erschienen: México : SEP. Comisión Nacional de los Libros de Texto Gratuitos, 1976.
Ausgabe:4a. ed.
Katalog:MANES:  Suchergebnis im Bibliothekskatalog
Schulbuchspezifische Eigenschaften:
Schriftenreihe:Libro de texto gratuito
Tags: Tag hinzufügen
Keine Tags, Fügen Sie den ersten Tag hinzu!
Hinzugefügt zu:17.10.2005
Geändert in:08.05.2025

MARC

LEADER 00000cam a2200000 a 4500
003 OSt
005 20250508092036.0
008 051018n1976 mx f 000 0 spa d
040 |a CINV  |c CINV 
050 0 4 |a LTG LB1585  |b M49 3º 1976 
051 0 4 |a LTG LB1585-M49 3º 1976 
110 2 |a México.  |b Comisión Nacional de los Libros de Texto Gratuitos. 
245 0 0 |a Ciencias naturales :  |b tercer grado /  |c coordinación Juan Manuel Gutiérrez Vázquez ; María Antonia Candela Martín...[et al.] 
250 |a 4a. ed. 
260 |a México :  |b SEP. Comisión Nacional de los Libros de Texto Gratuitos,  |c 1976. 
300 |a 143 p.:  |b il.;  |c 26 cm. 
440 |a Libro de texto gratuito  |9 21882 
505 |a Cíclo escolar: 1976-1977. 
546 |a México 
561 |5 mx-CINVES  |a México. DIE-Cinvestav (Ciudad de México)  |k MANES 
691 0 |a PRI 
700 1 |a Gutiérrez Vázquez, Juan Manuel.  |e coord.  |a candela a  |9 35630 
910 |a E-31319  |b Don. 
911 |a E-31319 
942 |2 ddc  |c BK 
999 |c 54882  |d 54882 
999 |c manes:54882  |d 54882